| 000 | 00819nam a22002897a 4500 | ||
|---|---|---|---|
| 003 | CHAP | ||
| 005 | 20220817042917.0 | ||
| 008 | 971013s1994 us r 00010 eng d | ||
| 010 | _a59626 | ||
| 011 | _a60598 | ||
| 035 | _a64760 | ||
| 040 | _cCHAP | ||
| 082 | 0 | 4 |
_a635.944 _bH6 |
| 100 | 0 | 0 |
_aHobbs, Jack. _955701 |
| 245 | 1 | _aBest bulbs for temperate climates | |
| 260 |
_aPortland, Oregon : _bTimber, _c1994 |
||
| 300 | _a196 p. | ||
| 590 |
_aBATCH-UPD _b10 _c20130110 _lUCH01 _h0440 |
||
| 590 |
_aCONVERSION _b10 _c20130109 _lUCH01 _h1332 |
||
| 650 | 1 | 4 |
_aBulbos y tuberosas. _916021 |
| 650 | 1 | 4 |
_aFloricultura. _941822 |
| 650 | 1 | 4 | _aPlantas ornamentales. |
| 700 | 0 |
_aHatch, Terry. _953066 |
|
| 901 | _aBK | ||
| 942 | _cLIBRO | ||
| 949 |
_a635.944 H6 _bBC _cC _d33724000616264 _eC _gI.181167 _h90124 _i64760 _si _t304.00 |
||
| 999 |
_c59626 _d59626 |
||